000 00353pab a2200157 454500
008 180718b2004 xxu||||| |||| 00| 0 eng d
100 _aMenon, Meena
245 _aWomen police for protection of women
260 _c2004
300 _ap.27-28.
362 _aFeb
650 _aPolice
650 _aWomen
773 _aSocial Welfare
909 _a59473
999 _c59473
_d59473